Normal view MARC view

Entry Personal Name

Number of records used in: 2

001 - CONTROL NUMBER

  • control field: 41458

003 - CONTROL NUMBER IDENTIFIER

  • control field: dpl

005 - DATE AND TIME OF LATEST TRANSACTION

  • control field: 20120210113656.0

008 - FIXED-LENGTH DATA ELEMENTS

  • fixed length control field: 120210|||a|||||| | ||| d

040 ## - CATALOGING SOURCE

  • Original cataloging agency: dpl
  • Transcribing agency: dpl

100 ## - HEADING--PERSONAL NAME

  • Personal name: Iseminger, David

670 ## - SOURCE DATA FOUND

  • Source citation: Work cat.: (dpl): Iseminger, David, Active directory services for Microsoft Windows 2000 technical reference :, 2000

670 ## - SOURCE DATA FOUND

  • Source citation: Work cat.: (dpl): Iseminger, David, Active directory services for Microsoft Windows 2000 technical reference :, 2000

© Delhi Public Library
Hit Counter
free hit counter